Operačné prostredie vzhľadom na jeho komplexnosť

Operačné prostredie, jeho faktory a hľadiská. Zložitosť vzájomných vzťahov medzi prvkami operačného prostredia. Podmienky, okolnosti a vplyvy, ktoré ovplyvňujú použitie vojenských síl. Hrozby a riziká.

Salvato in:
Dettagli Bibliografici
Autore principale: Čeri, Ladislav
Altri autori: Nečas, Pavel, Naď, Jaroslav
Natura: Capitolo di libro
Lingua:slovacco
Soggetti:
Tags: Aggiungi Tag
Nessun Tag, puoi essere il primo ad aggiungerne!!

MARC

LEADER 00000naa a2200000 4500
001 0222665
005 20240502073638.8
041 0 |a slo 
044 |a SK 
245 1 0 |a Operačné prostredie vzhľadom na jeho komplexnosť  |c Ladislav Čeri, Pavel Nečas, Jaroslav Naď 
520 |a Operačné prostredie, jeho faktory a hľadiská. Zložitosť vzájomných vzťahov medzi prvkami operačného prostredia. Podmienky, okolnosti a vplyvy, ktoré ovplyvňujú použitie vojenských síl. Hrozby a riziká. 
610 2 0 |a vojenstvo 
610 2 0 |a sily ozbrojené 
610 2 0 |a potenciál vojensko-ekonomický 
610 2 0 |a obrana štátu 
610 2 0 |a systémy bezpečnostné 
610 2 0 |a prostredie ekonomické 
610 2 0 |a prostredie krajinné 
100 1 |a Čeri, Ladislav 
700 1 |a Nečas, Pavel 
700 1 |a Naď, Jaroslav